USA State Flags - Statistics

General Stats
  • This quiz has been taken 2,945 times
  • The average score is 37 of 50
Answer Stats
Picture Answer % Correct
Kansas
98%
North Dakota
96%
Oregon
95%
California
94%
Arkansas
93%
Washington
92%
Montana
91%
Wisconsin
91%
Illinois
90%
Oklahoma
90%
South Dakota
90%
Iowa
89%
Idaho
88%
Texas
87%
Minnesota
85%
Maine
83%
Florida
82%
Utah
81%
Colorado
80%
Nevada
80%
North Carolina
79%
Wyoming
79%
Hawaii
78%
Indiana
78%
Kentucky
78%
New Hampshire
78%
Nebraska
77%
Virginia
77%
Alaska
76%
Arizona
73%
New Mexico
72%
West Virginia
72%
Maryland
69%
South Carolina
69%
Alabama
68%
Ohio
68%
Vermont
68%
Rhode Island
61%
Tennessee
58%
Mississippi
57%
Delaware
55%
Louisiana
55%
New York
50%
Georgia
49%
New Jersey
45%
Connecticut
44%
Michigan
43%
Missouri
43%
Pennsylvania
43%
Massachusetts
42%
No matching quizzes found
Score Distribution
Percent of People with Each Score
Percentile by Number Answered
Your Score History
You have not taken this quiz